| 000 | 00531nam a2200193 u 4500 | ||
|---|---|---|---|
| 005 | 20210223131056.0 | ||
| 008 | 090825s2004 r 000 0 eng d | ||
| 020 | _a8496089150 | ||
| 035 | _aUPN01000172024 | ||
| 049 | _aCG | ||
| 050 | 4 |
_aPS3569 O6.547 _bA2.7 |
|
| 100 | 1 | _aAbdala, VerĂ³nica | |
| 245 | 1 | 0 |
_aSusan Sontag y el oficio de pensar / _cVerĂ³nica Abdala. |
| 260 |
_aMadrid : _bCampo de Ideas, _c2004. |
||
| 300 | _a126 p. | ||
| 440 | 0 | _aIntelectuales | |
| 600 | 1 | 4 |
_aSONTAG, SUSAN, _d1933-2004 _916029 |
| 905 | _aLibro | ||
| 999 |
_c144128 _d144128 |
||